Cultivation techniques of durian in snuol district, kratie province បច្ចេកទេសដាំដុះដំណាំធូរេននៅស្រុកស្នួល ខេត្តក្រចេះ (Record no. 756)

000 -LEADER
fixed length control field 00574nam a22001577a 4500
003 - CONTROL NUMBER IDENTIFIER
control field OSt
005 - DATE AND TIME OF LATEST TRANSACTION
control field 20150918161308.0
008 - FIXED-LENGTH DATA ELEMENTS--GENERAL INFORMATION
fixed length control field 150918b xxu||||| |||| 00| 0 eng d
040 ## - CATALOGING SOURCE
Transcribing agency RUA
082 ## - DEWEY DECIMAL CLASSIFICATION NUMBER
Classification number AGR CHE 2006 B034 Or.1
100 ## - MAIN ENTRY--PERSONAL NAME
9 (RLIN) 788
Personal name CHEAM, SAEMPOLI.
245 ## - TITLE STATEMENT
Title Cultivation techniques of durian in snuol district, kratie province បច្ចេកទេសដាំដុះដំណាំធូរេននៅស្រុកស្នួល ខេត្តក្រចេះ
260 ## - PUBLICATION, DISTRIBUTION, ETC. (IMPRINT)
Place of publication, distribution, etc. Phnom Penh
Name of publisher, distributor, etc. RUA
Date of publication, distribution, etc. 2006
300 ## - PHYSICAL DESCRIPTION
Extent 47p.
Other physical details ill.
Dimensions 29cm.
942 ## - ADDED ENTRY ELEMENTS (KOHA)
Source of classification or shelving scheme
Koha item type AGR
Holdings
Price effective from Date last seen Permanent Location Not for loan Date acquired Source of classification or shelving scheme Koha item type Lost status Withdrawn status Total Renewals Date last checked out Total Checkouts Damaged status Barcode Current Location Full call number
2015-09-182025-02-06Library Block B 2015-09-18 AGR  12025-02-0412 RUA008602Library Block BAGR CHE 2006 B034 Or.1
មជ្ឈមណ្ឌលឯការនៃសាកលវិទ្យាល័យភូមិន្ទកសិកម្មចំការដូង

Powered by Koha